Normal view
MARC view
- Dorf, Richard C Nelson, Andrew J
Entry Corporate Name
001 - CONTROL NUMBER
- control field: 103882
003 - CONTROL NUMBER IDENTIFIER
- control field: NUST
005 - DATE AND TIME OF LATEST TRANSACTION
- control field: 20221201112654.0
008 - FIXED-LENGTH DATA ELEMENTS
- fixed length control field: 221201|| aca||aabn | a|a d
040 ## - CATALOGING SOURCE
- Original cataloging agency: NUST
- Transcribing agency: NUST
110 ## - HEADING--CORPORATE NAME
- Corporate name or jurisdiction name as entry element: Dorf, Richard C Nelson, Andrew J
670 ## - SOURCE DATA FOUND
- Source citation: Work cat.: (NUST)592469: Byers, Thomas.H 103881, Technology Ventures :, 2019
